000
00193nam a22000977a 4500
041
_a
eng
080
_a
80
100
_a
Glenn, M., Leavitt S., Helen
245
_a
Blending voices.
999
_c
280925
_d
280925
942
_c
BK